Visualizzazione normale
Vista MARC
- Anderson Laurie
di Personal Name
Records bibliografici associati: 1
001 - CONTROL NUMBER
- control field: 30258
003 - CONTROL NUMBER IDENTIFIER
- control field: IT-RoPau
005 - DATE AND TIME OF LATEST TRANSACTION
- control field: 20140617205823.0
008 - FIXED-LENGTH DATA ELEMENTS
- fixed length control field: 140617|| aca||aabn | a|a d
040 ## - CATALOGING SOURCE
- Original cataloging agency: IT-RoPau
- Transcribing agency: IT-RoPau
100 ## - HEADING--PERSONAL NAME
- Personal name: Anderson Laurie
- Relator term: Autore testo e musica
- Miscellaneous information: Codice autore testo/musica SPICS: 11861
670 ## - SOURCE DATA FOUND
- Source citation: Work cat.: (IT-RoPau)101176: Anderson Laurie 1097, Bright Red